Представление документа в формате MARC21

Поле Инд. ПП Название Значение
Тип записи a
Библиографический уровень m
001 Контрольный номер 82f0320c-a9e3-4970-a7c2-6e78a918b14e
005 Дата корректировки 20140703144820.3
008 Кодируемые данные 060728
020 a ISBN 5-305-00110-2
c Цена, тираж 87.00
040 a Служба первич. каталог. НБ ТвГУ
041 a Код языка текста rus
080 a Индекс УДК 159.922.6(075.8)
084 a Индекс другой классификации/Индекс ББК Ю937.4я73-1
090 x Авторский знак Д20
a Полочн. индекс Ю937.4
100 1_ a Автор Дарвиш Олеся Борисовна
245 10 a Заглавие Возрастная психология
b Продолж. заглавия учеб. пособие для студентов вузов, обучающихся по специальности 031000 "Педагогика и психология"
c Ответственность О. Б. Дарвиш ; под ред. В. Е. Клочко
260 0_ a Место издания Москва
b Издательство Владос-Пресс
c Дата издания 2005
300 a Объем 263, [1] с.
b Иллюстрации/ тип воспроизводства ил., табл.
440 a Серия Учебное пособие для вузов
504 a Библиография Библиогр. в конце гл.
583 a Действие Получение впервые 283 28.07.2006
k Исполнитель действия ООО "Кроун"
650 a Основная рубрика Возрастная психология
x Основная подрубрика Учебники для вузов
650 a Основная рубрика Психология
653 a Ключевые слова Возрастная психология
a Ключевые слова Психология
700 1_ a Другие авторы Клочко В. Е.
e Роль лиц ред.
852 t Порядковый номер экземпляра 1
p Инвентарный номер 847313
852 t Порядковый номер экземпляра 1
p Инвентарный номер 847314
852 t Порядковый номер экземпляра 28
p Инвентарный номер 847315
p Инвентарный номер 847316
p Инвентарный номер 847317
p Инвентарный номер 847318
p Инвентарный номер 847319
p Инвентарный номер 847320
p Инвентарный номер 847321
p Инвентарный номер 847322
p Инвентарный номер 847323
p Инвентарный номер 847324
p Инвентарный номер 847325
p Инвентарный номер 847326
p Инвентарный номер 847327
p Инвентарный номер 847328
p Инвентарный номер 847329
p Инвентарный номер 847330
p Инвентарный номер 847331
p Инвентарный номер 847332
p Инвентарный номер 847333
p Инвентарный номер 847334
p Инвентарный номер 847335
p Инвентарный номер 847336
p Инвентарный номер 847337
p Инвентарный номер 847338
p Инвентарный номер 847339
p Инвентарный номер 847340
p Инвентарный номер 847341
p Инвентарный номер 847342
863 t 00142897
888 a За счет средств университета
930 a Новая/Ретро учебники
952 p 283.2006 87.00 1 847313
p 283.2006 87.00 1 847314
p 283.2006 87.00 1 847315
p 283.2006 87.00 1 847316
p 283.2006 87.00 1 847317
p 283.2006 87.00 1 847318
p 283.2006 87.00 1 847319
p 283.2006 87.00 1 847320
p 283.2006 87.00 1 847321
p 283.2006 87.00 1 847322
p 283.2006 87.00 1 847323
p 283.2006 87.00 1 847324
p 283.2006 87.00 1 847325
p 283.2006 87.00 1 847326
p 283.2006 87.00 1 847327
p 283.2006 87.00 1 847328
p 283.2006 87.00 1 847329
p 283.2006 87.00 1 847330
p 283.2006 87.00 1 847331
p 283.2006 87.00 1 847332
p 283.2006 87.00 1 847333
p 283.2006 87.00 1 847334
p 283.2006 87.00 1 847335
p 283.2006 87.00 1 847336
p 283.2006 87.00 1 847337
p 283.2006 87.00 1 847338
p 283.2006 87.00 1 847339
p 283.2006 87.00 1 847340
p 283.2006 87.00 1 847341
p 283.2006 87.00 1 847342
c Вид литературы К ру
954 a Дата поступления на обработку 20060810
999 a Подразделение 2 аб.
a Подразделение 2 ч.з.
a Подразделение 2 уч.о.